| 000 | 00905nam a2200253 a 4500 | ||
|---|---|---|---|
| 040 | _cDLC | ||
| 082 | _a691 SKA 1991 C143 Or. | ||
| 100 | 1 | _aMulenga, Leonard Chileshe. | |
| 245 | 1 | 0 | _aAttitudes to appropriate building materials in Kalingalinga / |
| 260 |
_aLusaka, Zambia : _b[s.n., _c1991] |
||
| 300 |
_aiv, 86 leaves ; _c30 cm. |
||
| 500 | _a"August, 1991." | ||
| 500 | _a"September, 1991"--Prelim. | ||
| 500 | _a"Institute for African Studies, University of Zambia." | ||
| 500 | _a"Consultancy report for the Lusaka Urban District Council and the Germany Agency for Technical Cooperation (GTZ)." | ||
| 650 | 0 | _aSquatter settlements | |
| 650 | 0 | _aBuilding materials | |
| 650 | 0 | _aPublic Opinion | |
| 650 | 0 | _aSquatters | |
| 710 | 2 | _aUniversity of Zambia. | |
| 710 | 2 | _aLusaka Urban District Council. | |
| 710 | 2 | _aDeutsche Gesellschaft für Technische Zusammenarbeit. | |
| 942 | _cAEDBB | ||
| 999 |
_c18389 _d18389 |
||